00310pab a2200121 454500008004000000100002400040245005400064260000900118300001300127362001200140650001500152773002100167180718b2011 xxu||||| |||| 00| 0 eng d aChandrasekhar, C.P. aNotes on neoliberalism and the future of the left c2011 ap.20-34. aJan-Feb aLiberalism aSocial Scientist